| 000 | 03042nam a2200505 c 4500 | ||
|---|---|---|---|
| 003 | BLK | ||
| 005 | 20240507144158.0 | ||
| 008 | 180407b bul|||||r ||||||| ||bul|| | ||
| 010 | _aKNG00033417000 | ||
| 020 |
_a978-954-28-0899-2 _bиздат.: Сиела Софт енд Паблишинг |
||
| 040 | _aBLK | ||
| 041 |
_aBUL _cBUL |
||
| 072 | 7 |
_2bullib _aН61 _xМедицина Н |
|
| 072 | 7 |
_2bullib _aЛ04 _xЛечебно хранене |
|
| 080 |
_aБиохимия на човека (Физиологична химия) - Ензими, ферменти, химически състав на човешкото тяло, обмяна на веществата и влияние на температурата и нервната система върху нея, пигменти. Вж и 577.1 _b612.015 _x _z612.015 |
||
| 080 |
_aФизиология на храненето. Глад. Жажда - Действие и усвояване на различни хранителни вещества:витамини, въглерод, азот, вода, сярарфосфор, желязо, минерални соли;растителни и животински храни;ка _b612.39 _x _z612.39 |
||
| 080 |
_aЗдраве и болест. Самолечение(самооздравяване)на организма чрез защитния механизъм на организма. Експериментално предизвикване на болести _b616-092.11/.19 _x _z616-092.11/.19 |
||
| 080 |
_aИмунитет. Приспособяемост (адаптация) на организма. Токсини. Антитоксини _b612.017 _x _z612.017 |
||
| 100 | 1 |
_aШиния Хироми _eпърви автор _9143454 |
|
| 700 | 1 |
_aАмуджев, Петър _eпрев. _9271035 |
|
| 139 |
_aШиния Хироми _bШ 66 |
||
| 245 | 1 | 0 |
_aМикробният фактор _bНовата здравна революция : Как ензимите и микробите предпазват здравето ни _cШиния Хироми; прев. Петър Амуджев. |
| 257 | _aUSA | ||
| 260 |
_аСофия _bСиела Софт енд Паблишинг _c2011 _fСофия : Д. Благоев |
||
| 300 |
_a176 с. _c21 см |
||
| 380 | _a61 | ||
| 500 | _aОриг. загл. Byoki ni naranai ikikaka / Hiromi Shinya. - Съдържа и за авт. | ||
| 650 | 4 |
_aЕнзими _9154946 |
|
| 650 | 4 |
_aМикроорганизми _9162189 |
|
| 650 | 4 |
_aХрани - състав _9253133 |
|
| 650 | 4 |
_aХранене - хигиена _9244313 |
|
| 653 | _aензими | ||
| 653 | _aмикроорганизми | ||
| 653 | _aхигиена на храненето | ||
| 653 | _aхрани | ||
| 653 | _aимунитет | ||
| 659 | _aЛ | ||
| 659 | _aН | ||
| 852 | _aЦб 251575 | ||
| 856 | 4 |
_qpdf _u |
|
| 856 | 4 |
_qpdf _u |
|
| 942 |
_cKNG _n0 _011 |
||
| 944 |
_aCR _c26.04.2011 _lГалина Якимова _k30564 |
||
| 944 |
_aED _c14.03.2013 _lф / _k |
||
| 999 |
_c30779 _d30779 |
||